| 000 | 01045cam a22002895a 4500 | ||
|---|---|---|---|
| 001 | 3774 | ||
| 005 | 20240509132352.0 | ||
| 020 | _a9781416955658 (board book) | ||
| 040 |
_aDAD _cDAD _dBAKER _dUPZ _dDLC _beng |
||
| 050 | 0 | 0 | _aQL49.V3645 |
| 082 | 0 | 0 | _a428.13 |
| 100 | 1 | _aFleet, Matthew Van | |
| 245 | 1 | 0 |
_aAlphabet / _cMatthew Van Fleet ; edited and art directed by Skip Skwarek. |
| 260 |
_aNew York : _bSimon & Schuster Books for Young Readers, _c2008 |
||
| 300 |
_a19 unnumbered pages : _bcolor illustrations : _c19 cm . |
||
| 505 | _aH | ||
| 520 | _aOver 100 creatures and plants from A to Z hilariously demonstrate action words, synonyms, opposites and more. | ||
| 521 |
_a430
_bLexile estimate |
||
| 521 |
_aH
_bRaz-Pllus |
||
| 650 | 0 |
_aAnimals _vJuvenile literature. |
|
| 650 | 0 |
_aPlants _vJuvenile literature. |
|
| 650 | 0 |
_aAlphabet books _vJuvenile literature. |
|
| 650 | 0 |
_aToy and movable books _vSpecimens. |
|
| 700 | 1 | _aSkwarek, Skip | |
| 906 |
_a7 _bcbc _ccopycat _d2 _encip _f20 _gy-gencatlg |
||
| 942 |
_2ddc _cBK _n0 |
||
| 999 |
_c3774 _d3774 |
||